Las nieves del Kilimanjaro = The Snows of Kilimanjaro /

En estado febril debido a un accidente de caza en Africa, un escritor rememora a su antigua amada, ya muerta, frente a su esposa. Se reprocha haber antepuesto su trabajo a su relación y se autocastiga considerándose un fracaso literario. Poco a poco, gracias a la comprensión y cariño de su cónyuge,...

Descripció completa

Guardat en:
Dades bibliogràfiques
Autor principal: King, Henry (realización)
Altres autors: Robinson, Casey (guión) (guión), Shamroy, Leon (fotógrafo) (fotógrafo), Le Maire, Charles (vestuario) (vestuario), McLean, Barbara (montaje) (montaje), Herrmann, Bernard (música) (música), Peck, Gregory (actuación) (actuación), Hayward, Susan (actuación) (actuación), Gardner, Ava (actuación) (actuación)
Format: Diapositiva
Idioma:anglès
Matèries:
Etiquetes: Afegir etiqueta
Sense etiquetes, Sigues el primer a etiquetar aquest registre!

MARC

LEADER 00000ngm^a2200000^a^4500
001 000297695
005 20250521000000.0
009 20260310112346.129
037 |a Acervo ITESO - Biblioteca 
041 |a ING 
082 |a 810.  |b KIN 
100 |a King, Henry  |e (realización) 
240 1 5 |a [Las nieves del Kilimanjaro] 
240 1 5 |a [Las nieves del Kilimanjaro. Adaptaciones] 
245 1 4 |a Las nieves del Kilimanjaro =  |b The Snows of Kilimanjaro /  |c Realización de H. King. 
264 2 |a México :  |b Eurolatinoamericana [distribución],  |c 2006, c2006 
300 |a 1 DVD multirregión (103 min.) :  |b color 
336 |a imagen móvil bidimensional  |b tdi  |2 rdacontenido 
337 |a video  |b v  |2 rdamedio 
338 |a videodisco  |b vd  |2 rdasoporte 
500 |a Basado en: Las nieves del Kilimanjaro, de Ernest Hemingway 
520 |a En estado febril debido a un accidente de caza en Africa, un escritor rememora a su antigua amada, ya muerta, frente a su esposa. Se reprocha haber antepuesto su trabajo a su relación y se autocastiga considerándose un fracaso literario. Poco a poco, gracias a la comprensión y cariño de su cónyuge, recupera la confianza en sí mismo, las ganas de vivir y el amor hacia ella. 
546 |a En inglés, con subtítulos opcionales: español, inglés 
546 |a Doblaje opcional: español 
586 |a Premio Nobel de Literatura 1954: Adaptaciones de sus obras 
649 |a XX 
650 |a Escritores en el Cine 
650 |a Cine de Aventuras 
650 |a Melodramas 
650 |a Dramas Cinematográficos 
650 |a Cine Norteamericano -  |y 1950-1959 
650 |a Cine Norteamericano -  |y Siglo XX 
650 |a Cuentos Norteamericanos -  |x Adaptaciones para Cine 
650 |a Literatura Norteamericana -  |y Siglo XX -  |x Adaptaciones para Cine 
650 |a Literatura y Cine 
650 |a Memoria y Olvido 
650 |a Amor 
650 |a Relaciones de Pareja 
650 |a Relaciones Intergénero 
650 |a Africa en el Cine 
700 |a Robinson, Casey  |e (guión) 
700 |a Shamroy, Leon  |e (fotógrafo) 
700 |a Le Maire, Charles  |e (vestuario) 
700 |a McLean, Barbara  |e (montaje) 
700 |a Herrmann, Bernard  |e (música) 
700 |a Peck, Gregory  |e (actuación) 
700 |a Hayward, Susan  |e (actuación) 
700 |a Gardner, Ava  |e (actuación) 
910 |a Fondo General 
920 |a Audiovisuales - DVDs 
940 |a Películas 
905 |a 302 
901 |a 0500195920  |b IT2  |c DVS  |i C120976  |u 20250521 
902 |a https://opac.biblio.iteso.mx/vufind/Record/000297695